000 00452nam a2200181Ia 4500
001 17812
005 20260306171544.0
008 260306s9999||||xx |||||||||||||| ||und||
041 _aESP
082 _a658.3
_bA21
100 _aAcosta, Alberto Jorge
_eAUT
245 0 _aRecursos humanos en empresas de turismo y hostelerĂ­a
260 _c2002
300 _a296 páginas :
_c24 cm.
650 _aGEN
654 _aCAN
942 _cLIB
_dJUS
_fJUS
_2ddc
_n
999 _c17812
_d17812